000 00248nam a2200109Ia 4500
005 20251222144730.0
008 251222s9999||||xx |||||||||||||| ||spa||
082 _a759.81/A82
245 0 _aModernidad Brasil
264 _bArtes Visuais
942 _cLIB
999 _c18553
_d18553